[Event "Open B"]
[Site "Hotel Don Carlos de Huarte (N"]
[Date "2009.12.04"]
[Round "4"]
[White "Perez Marchal, Javier"]
[Black "Gonzalez Santamartina, Jorge"]
[Result "1-0"]
[WhiteElo "1905"]
[BlackElo "1746"]
[PlyCount "47"]
[EventDate "2009.12.01"]

1. e4 e5 2. Nf3 Nc6 3. d4 exd4 4. Nxd4 Nf6 5. Nxc6 bxc6 6. e5 Nd5 7. c4 Nb6 8.
Bd3 d5 9. exd6 cxd6 10. O-O Be7 11. Nc3 O-O 12. Qh5 f5 13. Re1 g6 14. Qf3 Bb7
15. Bf4 Bg5 16. Re6 Bxf4 17. Qxf4 d5 18. Rae1 g5 19. Qd4 dxc4 20. Rd6 cxd3 21.
Rxd8 Raxd8 22. Qe3 g4 23. Qg5+ Kh8 24. Re7 1-0

[Event "Open B"]
[Site "Hotel Don Carlos de Huarte (N"]
[Date "2009.12.04"]
[Round "4"]
[White "Jimenez Penafiel, Gustavo"]
[Black "Jimenez Almeida, Luis David"]
[Result "0-1"]
[WhiteElo "1702"]
[BlackElo "1839"]
[PlyCount "54"]
[EventDate "2009.12.01"]

1. d4 Nf6 2. Bg5 e6 3. e4 Be7 4. Nc3 d5 5. e5 Nfd7 6. Bxe7 Qxe7 7. Nf3 O-O 8.
Qd2 c5 9. dxc5 Qxc5 10. Bd3 Nc6 11. Qg5 f5 12. exf6 Nxf6 13. O-O Bd7 14. Ne5 d4
15. Nxd7 Qxg5 16. Nxf8 Rxf8 17. Ne2 e5 18. Ng3 g6 19. a4 Kg7 20. a5 Nb4 21.
Rad1 Rc8 22. Ne4 Nxe4 23. Bxe4 Nc6 24. a6 b5 25. Rd3 Qf4 26. Bf3 e4 27. Bxe4
Qxe4 0-1

[Event "Open B"]
[Site "Hotel Don Carlos de Huarte (N"]
[Date "2009.12.04"]
[Round "4"]
[White "Adrian Abad, Miguel"]
[Black "Apesteguia Domaica, Jose Antoni"]
[Result "0-1"]
[WhiteElo "1686"]
[BlackElo "1816"]
[PlyCount "119"]
[EventDate "2009.12.01"]

1. d4 d5 2. c4 c6 3. Nc3 Nf6 4. Bg5 e6 5. e3 Nbd7 6. Nf3 Qa5 7. a3 Ne4 8. Qc2
Bb4 9. Rc1 Bxc3+ 10. bxc3 Qxa3 11. Bd3 Ndf6 12. Bxf6 Nxf6 13. c5 Qa5 14. O-O
O-O 15. Ng5 h6 16. Nf3 Qc7 17. Ne5 Nd7 18. f4 f5 19. Ng6 Rf6 20. Nh4 g5 21.
fxg5 hxg5 22. Nf3 g4 23. Ng5 Nf8 24. e4 Qg7 25. h4 gxh3 26. Nxh3 fxe4 27. Rxf6
Qxf6 28. Be2 e5 29. Rf1 Qg7 30. Kh2 Bxh3 31. gxh3 exd4 32. Rg1 Ng6 33. cxd4 Kh8
34. Bh5 Qc7+ 35. Kh1 Nf4 36. Bg4 Qh7 37. Qf2 Rf8 38. Qh2 e3 39. Rf1 Qh6 40. Be2
Qh4 41. Rf3 Rf7 42. Rxe3 Qe1+ 43. Qg1 Qxg1+ 44. Kxg1 Nxe2+ 45. Rxe2 Kg7 46.
Rg2+ Kf6 47. Rf2+ Kg6 48. Rxf7 Kxf7 49. Kf2 b5 50. cxb6 axb6 51. Ke3 c5 52.
dxc5 bxc5 53. h4 Kf6 54. Kf4 c4 55. Ke3 Kf5 56. Kd4 Kg4 57. h5 Kxh5 58. Kc3 Kg4
59. Kd4 Kf4 60. Kc3 0-1

[Event "Open B"]
[Site "Hotel Don Carlos de Huarte (N"]
[Date "2009.12.04"]
[Round "4"]
[White "Rebole Arbea, Pedro Maria"]
[Black "Duran Fernandez, Emilio"]
[Result "1-0"]
[WhiteElo "1749"]
[BlackElo "1798"]
[PlyCount "99"]
[EventDate "2009.12.01"]

1. e4 c5 2. c3 e5 3. Nf3 Nc6 4. Bc4 d6 5. h3 Be6 6. Na3 Nf6 7. d3 Be7 8. O-O
O-O 9. Ng5 Bxc4 10. Nxc4 d5 11. exd5 Qxd5 12. Ne3 Qd7 13. Qc2 Rfd8 14. Qb3 Nd5
15. Nxd5 Qxd5 16. Qxb7 Rab8 17. Qa6 Rb6 18. Qc4 Na5 19. Qe4 Qxd3 20. Qxe5 Bxg5
21. Qxg5 Rg6 22. Qe3 Qd5 23. f3 Nc4 24. Qe7 Re6 25. Qh4 Ne5 26. Bf4 Nd3 27. Bc7
Rd7 28. Bb8 Re2 29. c4 Qe6 30. Qg4 Qe3+ 31. Kh2 Rd8 32. Bxa7 h5 33. Qg3 Nf4 34.
Rg1 Rdd2 35. Kh1 h4 36. Qxh4 Rxg2 37. Rxg2 Nxg2 38. Qg3 Qe2 39. Bxc5 Nf4 40.
Rg1 g6 41. Qxf4 Rd1 42. Qf6 Rxg1+ 43. Bxg1 Qf1 44. Qd8+ Kg7 45. Qd4+ Kg8 46.
Kh2 Qxf3 47. Qd8+ Kg7 48. Bd4+ Kh6 49. Qh8+ Kg5 50. Qf6+ 1-0

[Event "Open B"]
[Site "Hotel Don Carlos de Huarte (N"]
[Date "2009.12.04"]
[Round "4"]
[White "Oyaga Valencia, Jesus Maria"]
[Black "Otano Villanueva, Joseba"]
[Result "0-1"]
[WhiteElo "1747"]
[BlackElo "1812"]
[PlyCount "88"]
[EventDate "2009.12.01"]

1. d4 g6 2. c4 Bg7 3. Nc3 Nf6 4. Nf3 d5 5. e3 O-O 6. Bd3 dxc4 7. Bxc4 Nbd7 8.
O-O Nb6 9. Bb3 Nbd5 10. Bd2 c6 11. Rc1 Bg4 12. h3 Bf5 13. Nxd5 cxd5 14. Qe2 Qb6
15. Rc5 Rac8 16. Rfc1 Rxc5 17. Rxc5 Rc8 18. Ba5 Qe6 19. Bb4 Rxc5 20. dxc5 Bf8
21. Nd4 Qc8 22. Nxf5 Qxf5 23. Bc2 Qc8 24. Bb3 e6 25. Bc3 Ne4 26. Be5 Qxc5 27.
Bd4 Qc1+ 28. Bd1 a6 29. f3 Nd6 30. b3 Bg7 31. Bxg7 Kxg7 32. g4 Nb5 33. Qc2
Qxe3+ 34. Kg2 d4 35. Be2 Nc3 36. Bd3 Nxa2 37. Be4 Nc3 38. Bxb7 Ne2 39. Kf1 Nf4
40. Qc4 Nxh3 41. Qc2 Qg1+ 42. Ke2 Nf4+ 43. Kd2 Qe3+ 44. Kd1 Nd3 0-1

[Event "Open B"]
[Site "Hotel Don Carlos de Huarte (N"]
[Date "2009.12.04"]
[Round "4"]
[White "Diaz Redondo, Isidro"]
[Black "Ortega Lopez, Mikel"]
[Result "1-0"]
[WhiteElo "1688"]
[BlackElo "1723"]
[PlyCount "85"]
[EventDate "2009.12.01"]

1. e4 c5 2. Nf3 d6 3. d4 cxd4 4. Nxd4 Nf6 5. Nc3 g6 6. f3 Bg7 7. Be3 O-O 8. Qd2
Nc6 9. O-O-O Nxd4 10. Bxd4 Be6 11. Kb1 Qa5 12. Nd5 Qxd2 13. Nxe7+ Kh8 14. Rxd2
Rfe8 15. Nd5 Bxd5 16. Bxf6 Bxf6 17. Rxd5 Red8 18. Bc4 Rac8 19. Bb3 Kg7 20. Rhd1
Be7 21. c3 a6 22. h4 Bxh4 23. Rxd6 Rxd6 24. Rxd6 Rc7 25. Kc2 Bg3 26. Rd1 Kf6
27. Rh1 h5 28. Bd5 Ke5 29. Kd3 f6 30. Ke2 h4 31. c4 g5 32. Rd1 Bf4 33. Bg8 f5
34. Rd5+ Kf6 35. Rxf5+ Kg7 36. Bd5 b5 37. b3 Kg6 38. Rf8 bxc4 39. Bxc4 Ra7 40.
Re8 Kf6 41. Re6+ Kg7 42. Rxa6 Rc7 43. a4 1-0

[Event "Open B"]
[Site "Hotel Don Carlos de Huarte (N"]
[Date "2009.12.05"]
[Round "5"]
[White "Tetimov, Ivan"]
[Black "Anguas Fanlo, Sergio"]
[Result "0-1"]
[WhiteElo "1962"]
[BlackElo "1994"]
[PlyCount "88"]
[EventDate "2009.12.01"]

1. d4 d5 2. Nf3 Bf5 3. g3 e6 4. Bg2 Nf6 5. O-O Nbd7 6. b3 Be7 7. c4 c6 8. Nc3
Ne4 9. Bb2 O-O 10. Nd2 Nxd2 11. Qxd2 Bb4 12. a3 Bxc3 13. Qxc3 Qg5 14. f3 h5 15.
e4 Bh7 16. Rae1 Nb6 17. a4 Rad8 18. a5 Na8 19. f4 Qf6 20. exd5 cxd5 21. Re5 Nc7
22. Ba3 Rfe8 23. Bc5 a6 24. Rfe1 h4 25. cxd5 exd5 26. Be7 Rxe7 27. Rxe7 Ne6 28.
Rxb7 Nxd4 29. Rc7 Bf5 30. Rc5 h3 31. Bf1 Be4 32. Rd1 Nf3+ 33. Kf2 Qe6 34. Be2
Nxh2 35. Qe5 Ng4+ 36. Bxg4 Qxg4 37. Qxe4 dxe4 38. Rxd8+ Kh7 39. Rc3 h2 40. Kg2
Qe2+ 41. Kh1 Qe1+ 42. Kxh2 Qxc3 43. Re8 e3 44. Kg1 Qe1+ 0-1

[Event "Open B"]
[Site "Hotel Don Carlos de Huarte (N"]
[Date "2009.12.05"]
[Round "5"]
[White "Martinez Ayesa, Aitor"]
[Black "Sevilla Subiza, Marina"]
[Result "1-0"]
[WhiteElo "1840"]
[BlackElo "1566"]
[PlyCount "135"]
[EventDate "2009.12.01"]

1. d4 Nf6 2. c4 e6 3. Nf3 b6 4. g3 Bb7 5. Bg2 g6 6. O-O Bg7 7. Nc3 O-O 8. Bf4
d6 9. Qd2 Nbd7 10. Rac1 Re8 11. Bh6 Bh8 12. h3 Rb8 13. b4 Ne4 14. Nxe4 Bxe4 15.
Bg5 Nf6 16. Qf4 Ba8 17. g4 b5 18. c5 Nd5 19. Qd2 Bf6 20. Bxf6 Nxf6 21. Qh6 Qe7
22. Ng5 Qf8 23. Qxf8+ Kxf8 24. cxd6 cxd6 25. Rc7 Re7 26. Rfc1 Bxg2 27. Kxg2 Rb7
28. Rc8+ Kg7 29. R1c6 Red7 30. Kf3 d5 31. Ke3 h6 32. Nf3 Ne4 33. Ne5 Re7 34. f3
Nf6 35. Nd3 Ne8 36. Ra6 Nc7 37. Rc6 Ne8 38. Nc5 Rbc7 39. R6xc7 Nxc7 40. Rb8 a6
41. Rb6 Kf6 42. h4 g5 43. h5 Kg7 44. a3 Re8 45. Rc6 Re7 46. Nxa6 Nxa6 47. Rxa6
Rc7 48. Kd3 Rc1 49. Kd2 Ra1 50. Ra5 Ra2+ 51. Kd3 Kf6 52. e4 dxe4+ 53. Kxe4 Re2+
54. Kd3 Rf2 55. Ke3 Ra2 56. Rxb5 Rxa3+ 57. Ke4 Rb3 58. Rb8 Rb1 59. b5 Ke7 60.
Rb7+ Ke8 61. Ke5 Rb3 62. Kd6 Kf8 63. Rb8+ Kg7 64. b6 Rxf3 65. Rc8 Rb3 66. Rc6
f5 67. Kc7 Ra3 68. b7 1-0

[Event "Open B"]
[Site "Hotel Don Carlos de Huarte (N"]
[Date "2009.12.05"]
[Round "5"]
[White "Garcia Martinez, Oscar"]
[Black "Ruiz Escobar, Rafael"]
[Result "1-0"]
[WhiteElo "1887"]
[BlackElo "1935"]
[PlyCount "105"]
[EventDate "2009.12.01"]

1. d4 d5 2. Nf3 Nf6 3. e3 Bg4 4. Bd3 e6 5. b3 Bd6 6. Bb2 c6 7. Nbd2 Nbd7 8. O-O
O-O 9. c4 Re8 10. Qc2 e5 11. dxe5 Nxe5 12. Nxe5 Bxe5 13. Bxe5 Rxe5 14. f3 Bd7
15. Rae1 h6 16. e4 dxe4 17. Nxe4 Nxe4 18. Bxe4 Re8 19. Rd1 Qe7 20. Rfe1 Be6 21.
Qf2 Qf6 22. Qd4 Qg5 23. f4 Qa5 24. Qf2 Bg4 25. Rc1 Bf5 26. b4 Qxb4 27. Bxf5
Rxe1+ 28. Rxe1 Qxc4 29. Bb1 b6 30. Qe3 g6 31. f5 gxf5 32. Bxf5 Rd8 33. Bb1 Qc5
34. Qxc5 bxc5 35. Rc1 Rd2 36. Be4 Rxa2 37. Rxc5 Kg7 38. Rxc6 Re2 39. Bf3 Re7
40. Kf2 Kh7 41. Rc3 Kg7 42. Rb3 Kf6 43. Rb7 Rxb7 44. Bxb7 a5 45. Bd5 a4 46. Kf3
a3 47. Kf4 h5 48. Ba2 Kg6 49. Bb1+ Kh6 50. Kf5 h4 51. Kg4 h3 52. Kxh3 Kg5 53.
Kg3 1-0

[Event "Open B"]
[Site "Hotel Don Carlos de Huarte (N"]
[Date "2009.12.05"]
[Round "5"]
[White "Apesteguia Domaica, Jose Antoni"]
[Black "Perez Marchal, Javier"]
[Result "1-0"]
[WhiteElo "1816"]
[BlackElo "1905"]
[PlyCount "115"]
[EventDate "2009.12.01"]

1. d4 e6 2. c4 c5 3. Nf3 cxd4 4. Nxd4 Nf6 5. Nc3 Bb4 6. Bd2 Nc6 7. e3 a6 8. Bd3
Ne5 9. Be2 Qc7 10. Qb3 Bc5 11. O-O O-O 12. f4 Nc6 13. Nxc6 bxc6 14. Kh1 d5 15.
Na4 Rb8 16. Qc2 Bb4 17. Rac1 Qa5 18. Bxb4 Qxb4 19. b3 Rd8 20. Nb2 Ne4 21. Bd3
f5 22. Bxe4 dxe4 23. Rcd1 Bb7 24. Rf2 Rxd1+ 25. Qxd1 Qb6 26. Qd6 Re8 27. Qd7
Kf8 28. Re2 Bc8 29. Qd6+ Kg8 30. c5 Rd8 31. Qxe6+ Bxe6 32. cxb6 Rb8 33. Na4 Bd5
34. Rd2 Kf7 35. h3 Ke6 36. g4 g6 37. Kg2 Kd6 38. g5 Rb7 39. Kf2 Rb8 40. Ke1 Ke7
41. Kd1 Be6 42. Kc2 c5 43. Kc3 a5 44. Nxc5 Rxb6 45. Nxe6 Kxe6 46. Rd4 Rc6+ 47.
Kb2 Rc5 48. a3 Rb5 49. b4 Rb7 50. Kb3 axb4 51. axb4 Rc7 52. b5 Rc1 53. Kb4 Rb1+
54. Kc5 Rb3 55. b6 Rxe3 56. b7 Rb3 57. Rb4 Rc3+ 58. Kb5 1-0

[Event "Open B"]
[Site "Hotel Don Carlos de Huarte (N"]
[Date "2009.12.05"]
[Round "5"]
[White "Ortega Lopez, Adrian"]
[Black "Beaumont Arizaleta, Mikel"]
[Result "1-0"]
[WhiteElo "1869"]
[BlackElo "1718"]
[PlyCount "69"]
[EventDate "2009.12.01"]

1. e4 c6 2. d4 d5 3. Nc3 dxe4 4. Nxe4 Bf5 5. Ng3 Bg6 6. h4 h6 7. Nf3 Nd7 8. h5
Bh7 9. Bd3 Bxd3 10. Qxd3 Ngf6 11. Bd2 e6 12. O-O-O Be7 13. Ne4 Nxe4 14. Qxe4
Nf6 15. Qd3 O-O 16. Ne5 Qd5 17. Qc4 a5 18. f3 a4 19. g4 Qxc4 20. Nxc4 b5 21.
Ne5 c5 22. g5 hxg5 23. Bxg5 Nd5 24. Bxe7 Nxe7 25. Nd7 Rfd8 26. Nxc5 Rd5 27. c3
Nf5 28. Ne4 Rc8 29. Kb1 b4 30. Rhg1 a3 31. Nf6+ Kf8 32. Nxd5 exd5 33. cxb4 Rc4
34. bxa3 Nxd4 35. Rxd4 1-0

[Event "Open B"]
[Site "Hotel Don Carlos de Huarte (N"]
[Date "2009.12.05"]
[Round "5"]
[White "Sevilla Subiza, Javier"]
[Black "Rodriguez Montes, Sostenes"]
[Result "1-0"]
[WhiteElo "1859"]
[BlackElo "1784"]
[PlyCount "54"]
[EventDate "2009.12.01"]

1. d4 Nf6 2. Bg5 c5 3. Bxf6 gxf6 4. d5 Qb6 5. Qc1 Bh6 6. e3 d6 7. Bd3 Rg8 8.
Ne2 f5 9. Na3 Na6 10. c3 Bd7 11. Qc2 e6 12. Ng3 O-O-O 13. O-O Kb8 14. Nc4 Qc7
15. dxe6 fxe6 16. f4 Bc6 17. Nd2 Qe7 18. Bxa6 bxa6 19. b4 cxb4 20. Rab1 Ka8 21.
Rxb4 Bb5 22. Rfb1 Rb8 23. Qb3 Qc7 24. Qxe6 Qxc3 25. Ndf1 Bc6 26. Rc4 Rge8 27.
Rxb8+ Kxb8 1-0

[Event "Open B"]
[Site "Hotel Don Carlos de Huarte (N"]
[Date "2009.12.05"]
[Round "5"]
[White "Jimenez Almeida, Luis David"]
[Black "Gonzalez Fernandez, Jorge"]
[Result "1-0"]
[WhiteElo "1839"]
[BlackElo "1657"]
[PlyCount "89"]
[EventDate "2009.12.01"]

1. c4 c5 2. Nc3 Nc6 3. Nf3 d6 4. g3 g6 5. Bg2 Bg7 6. O-O e5 7. d3 Nge7 8. e4
O-O 9. a3 a6 10. Rb1 Rb8 11. b4 cxb4 12. axb4 b5 13. Ba3 f5 14. exf5 Bxf5 15.
Nh4 Be6 16. Nd5 Nd4 17. Ne3 Qd7 18. Re1 Rf6 19. Rb2 Rbf8 20. Nc2 Nec6 21. Bxc6
Nxc6 22. Ne3 Nd4 23. Nc2 Bg4 24. Qb1 Ne2+ 25. Kh1 Qb7+ 26. Ng2 Bh3 27. Nce3 Nd4
28. Qa2 Kh8 29. Nd5 Qf7 30. Nxf6 Qxf6 31. f4 exf4 32. Nxf4 g5 33. Nxh3 Qf3+ 34.
Rg2 g4 35. Ng1 Qxd3 36. cxb5 Qxb5 37. Bb2 Qxb4 38. Re4 Qc5 39. Rxg4 Rf1 40.
Qxa6 Rxg1+ 41. Rxg1 Qd5+ 42. Rg2 Ne6 43. Bxg7+ Kg8 44. Qc8+ Kf7 45. Qd7+ 1-0

[Event "Open B"]
[Site "Hotel Don Carlos de Huarte (N"]
[Date "2009.12.05"]
[Round "5"]
[White "Iturralde Borda, Jon"]
[Black "Rebole Arbea, Pedro Maria"]
[Result "1/2-1/2"]
[WhiteElo "1828"]
[BlackElo "1749"]
[PlyCount "44"]
[EventDate "2009.12.01"]

1. e4 e5 2. Nf3 Nc6 3. Bc4 Bc5 4. d3 h6 5. Nc3 Nf6 6. Bd2 d6 7. h3 O-O 8. O-O
Nd4 9. Na4 Nxf3+ 10. Qxf3 Bb6 11. Nxb6 axb6 12. Qg3 Nh5 13. Qg6 Nf4 14. Bxf4
exf4 15. Qh5 Ra5 16. Qf3 Qh4 17. Kh2 Rg5 18. Rg1 Re8 19. g4 fxg3+ 20. Rxg3 Be6
21. Bxe6 Rxe6 22. Rag1 Rf6 1/2-1/2

[Event "Open B"]
[Site "Hotel Don Carlos de Huarte (N"]
[Date "2009.12.05"]
[Round "5"]
[White "Lasa Garcia, Javier"]
[Black "Jimenez Penafiel, Gustavo"]
[Result "0-1"]
[WhiteElo "1927"]
[BlackElo "1702"]
[PlyCount "100"]
[EventDate "2009.12.01"]

1. d4 d5 2. Nf3 c6 3. e3 Nf6 4. Bd3 e6 5. Nbd2 Nbd7 6. O-O Bd6 7. Qe2 O-O 8. e4
dxe4 9. Nxe4 Nxe4 10. Bxe4 Nf6 11. Bd3 c5 12. Bg5 h6 13. Bh4 cxd4 14. Bxf6 Qxf6
15. Qe4 g6 16. Nxd4 Qf4 17. Nf3 Rb8 18. Rfe1 b6 19. Qxf4 Bxf4 20. Re4 Bd6 21.
Nd4 Bb7 22. Re2 Be7 23. Rae1 Bf6 24. c3 Rfd8 25. Bc2 Bxd4 26. cxd4 Rxd4 27. f3
Bd5 28. b3 Rc8 29. Kf2 Kg7 30. g4 Bb7 31. Be4 Bxe4 32. Rxe4 Rxe4 33. Rxe4 Rc2+
34. Re2 Rxe2+ 35. Kxe2 Kf6 36. Ke3 Ke5 37. f4+ Kd5 38. h4 b5 39. Kd3 a5 40. a3
f6 41. b4 a4 42. Ke3 Kc4 43. Ke4 Kb3 44. g5 fxg5 45. fxg5 hxg5 46. hxg5 Kxa3
47. Ke5 Kxb4 48. Kxe6 a3 49. Kf6 a2 50. Kxg6 a1=Q 0-1

[Event "Open B"]
[Site "Hotel Don Carlos de Huarte (N"]
[Date "2009.12.05"]
[Round "5"]
[White "Otano Villanueva, Joseba"]
[Black "Arcos Garcia, Manuel"]
[Result "1-0"]
[WhiteElo "1812"]
[BlackElo "1431"]
[PlyCount "59"]
[EventDate "2009.12.01"]

1. d4 Nf6 2. c4 e6 3. Nc3 d6 4. e4 Nbd7 5. Bd3 e5 6. d5 b6 7. Nge2 Be7 8. O-O
Nc5 9. Bc2 O-O 10. b4 Ncd7 11. Ng3 Ba6 12. b5 Bc8 13. a4 Nc5 14. f3 a5 15. Be3
h6 16. Bxc5 bxc5 17. f4 Ng4 18. Qf3 exf4 19. Nf5 Bxf5 20. exf5 Ne3 21. Qe4 Bf6
22. Ra3 Nxf1 23. Kxf1 Re8 24. Qxf4 Bg5 25. Qf2 Be3 26. Qf3 f6 27. Ne4 Bd4 28.
Qg4 Re5 29. Qg3 Qd7 30. Nxf6+ 1-0

[Event "Open B"]
[Site "Hotel Don Carlos de Huarte (N"]
[Date "2009.12.05"]
[Round "5"]
[White "Gonzalez Santamartina, Jorge"]
[Black "Oyaga Valencia, Jesus Maria"]
[Result "0-1"]
[WhiteElo "1746"]
[BlackElo "1747"]
[PlyCount "86"]
[EventDate "2009.12.01"]

1. e4 e6 2. d4 d5 3. e5 c5 4. c3 Nc6 5. Nf3 cxd4 6. cxd4 Bb4+ 7. Bd2 Qb6 8. a3
Be7 9. Bc3 f6 10. Be2 fxe5 11. dxe5 Nh6 12. O-O Nf5 13. b4 O-O 14. Nbd2 a5 15.
b5 Ncd4 16. a4 Nxe2+ 17. Qxe2 Bd7 18. Nb3 Qd8 19. Nbd4 Bc5 20. Nxf5 Rxf5 21.
Bd4 b6 22. Rac1 Rc8 23. g3 Qf8 24. Nh4 Bxd4 25. Nxf5 Qxf5 26. Rxc8+ Bxc8 27.
Rc1 Bc5 28. Kg2 Bb7 29. f3 h6 30. Rd1 d4 31. h4 Bd5 32. Rd2 Bb3 33. Rb2 d3 34.
Qe1 Bd5 35. Qd1 Qxe5 36. Rd2 Bc4 37. Qc1 Qd4 38. Qd1 e5 39. Qe1 Bb4 40. Qd1
Bxd2 41. Qxd2 e4 42. Qf4 exf3+ 43. Kxf3 Qxf4+ 0-1

[Event "Open B"]
[Site "Hotel Don Carlos de Huarte (N"]
[Date "2009.12.05"]
[Round "5"]
[White "Ortega Lopez, Mikel"]
[Black "Saunders, Mark"]
[Result "1/2-1/2"]
[WhiteElo "1723"]
[BlackElo "1852"]
[PlyCount "55"]
[EventDate "2009.12.01"]

1. e4 d6 2. d4 Nf6 3. Nc3 g6 4. Nge2 Bg7 5. g3 Nc6 6. Bg2 O-O 7. O-O Bd7 8. h3
Rb8 9. g4 b6 10. Be3 Na5 11. b3 c5 12. Rc1 Nb7 13. f4 Be6 14. d5 Bd7 15. Qd2
Rc8 16. Ng3 c4 17. b4 Ra8 18. Ra1 Qc8 19. a3 a6 20. Ra2 Ne8 21. Bd4 e5 22. Be3
Qd8 23. f5 Rc8 24. Nge2 Nf6 25. g5 Ne8 26. f6 Bh8 27. Ng3 Ra8 28. Qe2 1/2-1/2

[Event "Open B"]
[Site "Hotel Don Carlos de Huarte (N"]
[Date "2009.12.06"]
[Round "6"]
[White "Anguas Fanlo, Sergio"]
[Black "Ortega Lopez, Adrian"]
[Result "1/2-1/2"]
[WhiteElo "1994"]
[BlackElo "1869"]
[PlyCount "137"]
[EventDate "2009.12.01"]

1. f4 Nf6 2. Nf3 g6 3. e3 Bg7 4. d4 d5 5. Bd3 Bg4 6. Nbd2 Nbd7 7. O-O O-O 8.
Qe1 Bxf3 9. Nxf3 c6 10. Ng5 e6 11. Bd2 c5 12. dxc5 Nxc5 13. Bc3 Nxd3 14. cxd3
Nd7 15. Bxg7 Kxg7 16. Qc3+ Kg8 17. Rac1 Rc8 18. Qb4 h6 19. Nf3 Qb6 20. Qxb6
Nxb6 21. b3 Nd7 22. d4 Rfd8 23. Nd2 Nf6 24. h3 Kf8 25. b4 b6 26. a4 a6 27. a5
b5 28. Nb3 Nd7 29. Kf2 Ke7 30. Nc5 Nxc5 31. Rxc5 Rxc5 32. dxc5 f6 33. Ke2 g5
34. Kd3 e5 35. fxe5 fxe5 36. h4 Rg8 37. hxg5 Rxg5 38. c6 Rg4 39. Rf5 Rg6 40. c7
Kd7 41. Rxe5 Rxg2 42. Rh5 Rg6 43. Kd4 Kxc7 44. Kxd5 Kd7 45. e4 Rd6+ 46. Ke5 Ke7
47. Rh1 Re6+ 48. Kd5 Rd6+ 49. Kc5 Re6 50. Kd5 Rd6+ 51. Kc5 Re6 52. Rh4 Kd7 53.
Rg4 h5 54. Rh4 Rc6+ 55. Kd5 Rh6 56. Ke5 Ke7 57. Kf5 Rf6+ 58. Kg5 Re6 59. Kxh5
Kf6 60. Rg4 Ke5 61. Rh4 Kd4 62. Kg5 Rxe4 63. Rh6 Kd5 64. Rxa6 Rxb4 65. Ra8 Ra4
66. a6 Kc6 67. a7 Kb7 68. Rb8+ Kxa7 69. Rxb5 1/2-1/2

[Event "Open B"]
[Site "Hotel Don Carlos de Huarte (N"]
[Date "2009.12.06"]
[Round "6"]
[White "Sevilla Subiza, Javier"]
[Black "Martinez Ayesa, Aitor"]
[Result "1-0"]
[WhiteElo "1859"]
[BlackElo "1840"]
[PlyCount "47"]
[EventDate "2009.12.01"]

1. d4 Nf6 2. Bg5 e6 3. e4 h6 4. Bxf6 Qxf6 5. Nf3 c5 6. e5 Qd8 7. d5 d6 8. Nc3
a6 9. Qd2 exd5 10. Nxd5 Be6 11. O-O-O Nc6 12. Qe3 dxe5 13. Nxe5 Nd4 14. Nf4 Qf6
15. Bc4 O-O-O 16. Bxe6+ Nxe6 17. Nd5 Qg5 18. f4 Qxg2 19. Nb6+ Kc7 20. Rdg1 Qxh1
21. Rxh1 Bd6 22. Nd5+ Kb8 23. Nxf7 Nxf4 24. Nxf4 1-0

[Event "Open B"]
[Site "Hotel Don Carlos de Huarte (N"]
[Date "2009.12.06"]
[Round "6"]
[White "Apesteguia Domaica, Jose Antoni"]
[Black "Jimenez Almeida, Luis David"]
[Result "0-1"]
[WhiteElo "1816"]
[BlackElo "1839"]
[PlyCount "142"]
[EventDate "2009.12.01"]

1. d4 Nf6 2. c4 c5 3. Nf3 cxd4 4. Nxd4 e5 5. Nf3 Nc6 6. e3 Bb4+ 7. Bd2 Bxd2+ 8.
Nbxd2 O-O 9. e4 d6 10. Be2 Qb6 11. b3 Rd8 12. O-O Bg4 13. Qc2 Rac8 14. Qb1 Ne8
15. h3 Bh5 16. Bd3 Nc7 17. Ne1 Ne6 18. Nc2 Nf4 19. Ne3 Nb4 20. Nd5 Nbxd5 21.
exd5 Qd4 22. Bxh7+ Kh8 23. Ne4 g6 24. Ng5 Rd7 25. Qe4 Qd2 26. g4 Ne2+ 27. Kh1
Qxg5 28. Qxe2 Qh4 29. Qf3 Bxg4 30. Qxg4 Qxg4 31. hxg4 Kxh7 32. Kg2 Kh6 33. Rh1+
Kg5 34. Kf3 b5 35. Rac1 Rdc7 36. Rh7 bxc4 37. Rxc4 Rxc4 38. bxc4 Kf6 39. g5+
Ke7 40. Rh4 Rc5 41. Re4 f5 42. gxf6+ Kxf6 43. Kg4 Ra5 44. Re2 Ra4 45. Rc2 g5
46. Kg3 Kf5 47. Kf3 e4+ 48. Ke3 Ra3+ 49. Ke2 Ke5 50. c5 dxc5 51. Rxc5 Rxa2+ 52.
Ke3 Ra3+ 53. Ke2 g4 54. d6+ Kxd6 55. Rg5 a6 56. Rxg4 Ke5 57. Rg8 Ra4 58. Re8+
Kd4 59. Rd8+ Kc3 60. Rb8 a5 61. Ke3 Rb4 62. Ra8 a4 63. Ra7 Kb2 64. Kd2 a3 65.
Rc7 a2 66. Rc2+ Ka3 67. Rc3+ Rb3 68. Rc1 Rb2+ 69. Ke3 Rb1 70. Rc8 Rb4 71. Rc1
Kb2 0-1

[Event "Open B"]
[Site "Hotel Don Carlos de Huarte (N"]
[Date "2009.12.06"]
[Round "6"]
[White "Ruiz Escobar, Rafael"]
[Black "Tetimov, Ivan"]
[Result "0-1"]
[WhiteElo "1935"]
[BlackElo "1962"]
[PlyCount "120"]
[EventDate "2009.12.01"]

1. d4 d5 2. c4 c6 3. e3 Nf6 4. Nc3 a6 5. Nf3 b5 6. cxd5 cxd5 7. Bd3 Bb7 8. a3
e6 9. O-O Bd6 10. Re1 O-O 11. e4 dxe4 12. Nxe4 Nxe4 13. Bxe4 Bxe4 14. Rxe4 Nc6
15. Re1 Rc8 16. Be3 h6 17. Rc1 Qf6 18. Qd3 Na5 19. Nd2 Rfd8 20. b4 Nc6 21. Qe4
Qf5 22. g3 Qxe4 23. Nxe4 f5 24. Nc5 Bxc5 25. Rxc5 Ne7 26. Rec1 Rxc5 27. bxc5
Nc6 28. f4 Nxd4 29. Bxd4 Rxd4 30. c6 Rd8 31. c7 Rc8 32. Rc6 Kf7 33. Rxa6 Rxc7
34. Rb6 Rc5 35. Rb7+ Kf6 36. Rb6 g5 37. h3 gxf4 38. gxf4 Rc4 39. Rxb5 Rxf4 40.
Ra5 Rf3 41. Kg2 Rb3 42. a4 Ra3 43. Ra6 f4 44. h4 Ra2+ 45. Kf3 Kf5 46. Ra8 Ra3+
47. Kf2 Ke4 48. h5 Ra2+ 49. Kg1 e5 50. Ra6 Kf3 51. Rxh6 Rxa4 52. Re6 Ra1+ 53.
Kh2 Ra2+ 54. Kh3 e4 55. h6 Ra7 56. Kh4 e3 57. Kg5 Ra1 58. Re5 Rg1+ 59. Kf6 Rh1
60. Kg6 Rh4 0-1

[Event "Open B"]
[Site "Hotel Don Carlos de Huarte (N"]
[Date "2009.12.06"]
[Round "6"]
[White "Rodriguez Montes, Sostenes"]
[Black "Sevilla Subiza, Marina"]
[Result "1-0"]
[WhiteElo "1784"]
[BlackElo "1566"]
[PlyCount "29"]
[EventDate "2009.12.01"]

1. e4 e6 2. d4 d5 3. Nd2 Nf6 4. e5 Nfd7 5. Bd3 c5 6. c3 Nc6 7. Ngf3 cxd4 8.
cxd4 Bb4 9. Kf1 O-O 10. Bxh7+ Kxh7 11. Ng5+ Kg8 12. Qh5 Re8 13. Qxf7+ Kh8 14.
Qh5+ Kg8 15. Qh7+ 1-0

[Event "Open B"]
[Site "Hotel Don Carlos de Huarte (N"]
[Date "2009.12.06"]
[Round "6"]
[White "Otano Villanueva, Joseba"]
[Black "Diaz Redondo, Isidro"]
[Result "1-0"]
[WhiteElo "1812"]
[BlackElo "1688"]
[PlyCount "47"]
[EventDate "2009.12.01"]

1. d4 e6 2. c4 b6 3. Nc3 Bb4 4. e4 Bb7 5. f3 Qh4+ 6. g3 Qh5 7. a3 Bxc3+ 8. bxc3
Qg6 9. Bd3 Qf6 10. Nh3 h6 11. Nf4 g6 12. e5 Qd8 13. Be4 Nc6 14. Qc2 Nge7 15. g4
Rb8 16. Qd3 Na5 17. Rb1 Ba6 18. Rb4 c6 19. Qf1 d5 20. exd6 Qxd6 21. c5 Bxf1 22.
cxd6 f5 23. dxe7 fxe4 24. Rxf1 1-0

[Event "Open B"]
[Site "Hotel Don Carlos de Huarte (N"]
[Date "2009.12.06"]
[Round "6"]
[White "Rebole Arbea, Pedro Maria"]
[Black "Jimenez Penafiel, Gustavo"]
[Result "1/2-1/2"]
[WhiteElo "1749"]
[BlackElo "1702"]
[PlyCount "70"]
[EventDate "2009.12.01"]

1. e4 e6 2. d4 d5 3. exd5 exd5 4. Bd3 Bd6 5. Nf3 Ne7 6. O-O Bg4 7. h3 Bh5 8.
Re1 O-O 9. c3 Nd7 10. Nbd2 Bg6 11. Qc2 Nf6 12. Ne5 Bxd3 13. Qxd3 Ng6 14. Ndf3
Re8 15. Bg5 c5 16. Ng4 Rxe1+ 17. Rxe1 Nf4 18. Qf5 N4h5 19. Nxf6+ Nxf6 20. dxc5
Be7 21. Bxf6 Bxf6 22. Rd1 Qa5 23. a3 Qb5 24. b4 Qa4 25. Qxd5 Qxa3 26. Qxb7 Rf8
27. c6 Qxc3 28. b5 Qc5 29. c7 Re8 30. Re1 Rf8 31. Ne5 Bxe5 32. Rxe5 Qc1+ 33.
Kh2 Qf4+ 34. Kh1 Qc1+ 35. Kh2 Qf4+ 1/2-1/2